000 00631nam a2200217Ia 4500
003 OSt
005 20221007075327.0
006 a|||||r|||| 00| 0
007 ta
008 221006b |||||||| |||| 00| 0 eng d
024 _a12,379
037 _cReports / Technical Reports
040 _aFLL
_cFLL
_beng
041 _2eng
_aeng
082 _aV2:48.N85, M5
245 0 _aTwenty-fifth report by the Deputy commissioner for linguistic minorities in India
260 _aNew Delhi
_bIndia
_c1985
300 _a419p
_ccm.
942 _hV2:48.N85, M5
_cREP
_2CC
999 _c1155633
_d1155633